| 000 | 00647nam a2200217 a 4500 | ||
|---|---|---|---|
| 999 |
_c3114 _d3114 |
||
| 001 | 3114 | ||
| 003 | BD-JhCC | ||
| 005 | 20171109205536.0 | ||
| 008 | 171109s1974 bg ||||| |||| 00| 0 ben d | ||
| 035 | _a(BD-JhCC)3114 | ||
| 040 |
_aBD-JhCC _dBD-JhCC |
||
| 041 | _aben | ||
| 082 |
_a891.442 _bRAY 1974 |
||
| 100 | _aরায়, দ্বিজেন্দ্রলাল | ||
| 245 |
_aসিংহল বিজয় / _cদ্বিজেন্দ্রলাল রায় |
||
| 260 |
_aঢাকা : _bমুক্তধারা, _c1976. |
||
| 300 |
_a176 p. : _c21 cm. |
||
| 650 | _aBengali Drama | ||
| 942 |
_2ddc _cBK |
||